[Event "3rd Sharjah Masters 2019"]
[Site "Sharjah UAE"]
[Date "2019.03.30"]
[Round "9.24"]
[White "Karthik, Venkataraman"]
[Black "Pranav, V"]
[Result "1-0"]
[WhiteElo "2494"]
[BlackElo "2258"]
[EventDate "2018.03.22"]

1. d4 Nf6 2. Bg5 e6 3. e4 h6 4. Bxf6 Qxf6 5. c3 d6 6. Bc4 Qg6 7. Qf3 e5 8.
Ne2 Nc6 9. Nd2 Be7 10. O-O O-O 11. Qe3 Bg4 12. f3 Bh3 13. Qf2 Bg5 14. f4
Bh4 15. Ng3 Bd7 16. Rae1 exf4 17. Qxf4 Bg5 18. Qf2 Rae8 19. Nf3 Bd8 20. Bb5
Qh7 21. d5 Ne5 22. Bxd7 Nxd7 23. Qxa7 Nc5 24. b4 Nxe4 25. Nxe4 Rxe4 26.
Qxb7 Rxe1 27. Nxe1 Qe4 28. Nf3 Qe3+ 29. Kh1 Qxc3 30. a4 Bg5 31. Nxg5 hxg5
32. Qb5 g6 33. a5 Kg7 34. a6 Qe3 35. Qc6 g4 36. Qxc7 Qd3 37. Ra1 Rh8 38.
Qxd6 Qc3 39. Rf1 g3 40. h3 Re8 41. Qd7 Qf6 42. Rg1 Re2 43. Qc6 Qd4 44. Qc5
Qh4 45. Qc3+ Kh7 46. Ra1 Qf4 47. Qf3 Qd4 48. Qxf7+ Kh6 49. Qf1 Rf2 50. Qc1+
Kh7 51. Qg1 Qb2 52. Qc1 Qd4 53. Qc7+ Kh6 54. Rg1 Qh4 55. Qc8 Qd4 56. Qg4
Qe3 57. d6 Qd3 58. Qh4+ Kg7 59. Qe7+ Kh6 60. Qe1 Qxa6 61. Qe3+ g5 62. Qxg3
Rf4 63. Rd1 Qe2 64. Qe1 Qxe1+ 65. Rxe1 Rd4 66. b5 Rb4 67. Rd1 Rxb5 68. d7
Rf5 69. d8=Q Rf7 70. Qh8+ Kg6 71. Rd6+ Kf5 72. Qc8+ Kf4 73. Qc4+ Kg3 74.
Rd3+ Kf2 75. Qc2+ Ke1 76. Rd1# 1-0

[Event "3rd Sharjah Masters 2019"]
[Site "Sharjah UAE"]
[Date "2019.03.30"]
[Round "9.25"]
[White "Iniyan, P"]
[Black "Bharath, Subramaniyam H"]
[Result "1-0"]
[WhiteElo "2487"]
[BlackElo "2301"]
[EventDate "2018.03.22"]

1. d4 Nf6 2. c4 e6 3. Nc3 c5 4. d5 exd5 5. cxd5 d6 6. e4 g6 7. Nge2 Bg7 8.
Ng3 O-O 9. Be2 Na6 10. O-O Nc7 11. Bg5 h6 12. Be3 Re8 13. Qd2 Kh7 14. f3
Rb8 15. a4 a6 16. Rab1 b5 17. axb5 Nxb5 18. Bxb5 axb5 19. b4 Nd7 20. bxc5
b4 21. Na4 Qa5 22. c6 Qxa4 23. cxd7 Bxd7 24. Bd4 f6 25. Qb2 Rf8 26. Rfc1 b3
27. Ne2 Rb7 28. h3 Qb4 29. Bc3 Qb6+ 30. Kh2 Ra8 31. Bxf6 Ra2 32. Qxa2 Bxf6
33. Rxb3 Qxb3 34. Qxb3 Rxb3 35. Rc7 Be5+ 36. f4 Bg7 37. Rxd7 Re3 38. Ng3 h5
39. h4 Kh8 40. Rxd6 Bh6 41. Rf6 Kg7 42. e5 Rd3 43. d6 Rd4 44. Ne2 Rd2 45.
Ng1 Rd4 46. Nh3 Rd5 47. Ng5 Bxg5 48. hxg5 Rd4 49. e6 Rxd6 50. e7 Rxf6 51.
gxf6+ Kf7 52. Kg3 Ke8 53. Kh4 Kf7 54. Kg5 h4 55. Kxh4 Ke8 56. Kg5 Kf7 57.
g4 Ke8 58. Kxg6 Kd7 59. Kf7 Kc6 60. e8=Q+ Kc5 61. g5 Kd4 62. g6 Kc3 63. g7
Kd2 64. g8=N Kd1 65. Kg7 Kd2 66. f7 Kd3 67. f8=B Kc2 68. f5 Kd3 69. f6 Kc2
70. f7 Kb2 71. Qc8 Kb1 72. Be7 Kb2 73. f8=R Kb1 74. Rf6 Ka2 75. Qb8 1-0

[Event "3rd Sharjah Masters 2019"]
[Site "Sharjah UAE"]
[Date "2019.03.30"]
[Round "9.26"]
[White "Nigmatov, Ortik"]
[Black "Sapaev, Maksad"]
[Result "0-1"]
[WhiteElo "2478"]
[BlackElo "2214"]
[EventDate "2018.03.22"]

1. e4 e5 2. Nf3 Nc6 3. Bb5 a6 4. Ba4 Nf6 5. O-O Be7 6. d3 b5 7. Bb3 O-O 8.
a4 Bb7 9. c3 d6 10. Nbd2 Na5 11. Bc2 c5 12. Re1 Re8 13. Nf1 Bf8 14. Ng3 g6
15. d4 Qc7 16. d5 c4 17. Bg5 Bg7 18. h3 h6 19. Be3 Nd7 20. h4 Nc5 21. h5
Nab3 22. Rb1 Bc8 23. Nh2 Qe7 24. Rf1 bxa4 25. Ng4 Qh4 26. Nh2 Rf8 27. f4
exf4 28. Bxf4 Be5 29. Bxe5 dxe5 30. Rf3 Bd7 31. Qe2 Qg5 32. Rd1 Rac8 33.
Qf2 Nc1 34. Rf1 N1d3 35. Bxd3 Nxd3 36. Qa7 Rcd8 37. hxg6 fxg6 38. Ne2 Rxf3
39. Nxf3 Qe7 40. Qxa6 Kg7 41. Qb6 Bg4 42. Qe3 Bxf3 43. Rxf3 Qc5 44. Qxc5
Nxc5 45. Rf1 Rb8 46. d6 Rxb2 47. Nd4 exd4 48. cxd4 Nxe4 49. d7 Rb8 50. Re1
Nf6 0-1

[Event "3rd Sharjah Masters 2019"]
[Site "Sharjah UAE"]
[Date "2019.03.30"]
[Round "9.27"]
[White "Assaubayeva, Bibisara"]
[Black "Idani, Pouya"]
[Result "0-1"]
[WhiteElo "2376"]
[BlackElo "2604"]
[EventDate "2018.03.22"]

1. e4 c5 2. Nf3 d6 3. d4 cxd4 4. Nxd4 Nf6 5. Nc3 a6 6. Nb3 Nbd7 7. Be3 b5
8. f3 Bb7 9. a3 e6 10. g4 h6 11. Rg1 d5 12. h4 dxe4 13. g5 hxg5 14. hxg5
Nd5 15. Nxd5 Bxd5 16. fxe4 Bxb3 17. cxb3 Bc5 18. Qe2 Rh4 19. Bg2 Qb6 20.
Bf2 Rg4 21. b4 Bxf2+ 22. Qxf2 Rc8 23. Rf1 Qxf2+ 24. Rxf2 Ne5 25. Rd1 Rxg5
26. Kf1 Rg3 27. Re2 Ke7 28. Kf2 Rb3 29. Red2 g5 30. Ke2 Rc7 0-1

[Event "3rd Sharjah Masters 2019"]
[Site "Sharjah UAE"]
[Date "2019.03.30"]
[Round "9.29"]
[White "Arencibia Rodriguez, Walter"]
[Black "Sidhant, Mohapatra"]
[Result "1/2-1/2"]
[WhiteElo "2506"]
[BlackElo "2348"]
[EventDate "2018.03.22"]

1. d4 d5 2. c4 c6 3. Nc3 Nf6 4. e3 e6 5. Nf3 Nbd7 6. Bd3 dxc4 7. Bxc4 b5 8.
Bd3 Bd6 9. O-O O-O 10. Qc2 Bb7 11. Ng5 h6 12. Nge4 Be7 13. Nxf6+ Nxf6 14.
Ne4 Nd7 15. Rd1 Qb6 16. a4 a6 17. Qb3 c5 18. dxc5 Nxc5 19. Nxc5 Bxc5 20.
axb5 Bd5 21. Qc2 axb5 22. Rxa8 Rxa8 23. Bd2 Be7 24. e4 Bc4 25. Bxc4 bxc4
1/2-1/2

[Event "3rd Sharjah Masters 2019"]
[Site "Sharjah UAE"]
[Date "2019.03.30"]
[Round "9.30"]
[White "Gokhale, Chandrashekhar"]
[Black "Nasanjargal, Urtnasan"]
[Result "0-1"]
[WhiteElo "2185"]
[BlackElo "2503"]
[EventDate "2018.03.22"]

1. Nf3 Nf6 2. g3 Nc6 3. Bg2 e5 4. d3 d5 5. O-O Be7 6. Nbd2 O-O 7. e4 dxe4
8. dxe4 b6 9. Re1 Ba6 10. Bf1 Bxf1 11. Rxf1 Qd7 12. c3 h6 13. Kg2 Rfd8 14.
Qe2 a6 15. Nh4 g6 16. Re1 Kg7 17. Nf1 Qe6 18. f3 Nh5 19. Be3 Bxh4 20. gxh4
Qf6 21. Ng3 Nf4+ 22. Bxf4 exf4 23. e5 Qxh4 24. Qe4 Qg5 25. Qxc6 Rd2+ 26.
Kh3 fxg3 0-1

[Event "3rd Sharjah Masters 2019"]
[Site "Sharjah UAE"]
[Date "2019.03.30"]
[Round "9.31"]
[White "Vignesh, N R"]
[Black "Omar, Noaman"]
[Result "1/2-1/2"]
[WhiteElo "2476"]
[BlackElo "2356"]
[EventDate "2018.03.22"]

1. e4 c6 2. d4 d5 3. Nd2 dxe4 4. Nxe4 Bf5 5. Ng3 Bg6 6. h4 h6 7. Nf3 e6 8.
Ne5 Bh7 9. Bd3 Bxd3 10. Qxd3 Nd7 11. Bf4 Qa5+ 12. c3 Nxe5 13. dxe5 Rd8 14.
Qe2 Ne7 15. h5 Nd5 16. Bd2 Qb5 17. b3 Qxe2+ 18. Kxe2 f5 19. exf6 gxf6 20.
c4 Nb4 21. Bc3 Be7 22. Ne4 Kf7 23. Rh3 Nc2 24. Rd1 e5 25. g4 Ke6 26. Rhd3
Rxd3 27. Kxd3 Nd4 28. Bxd4 Rd8 29. Ke2 Rxd4 30. Rxd4 exd4 31. Ng3 Ke5 32.
Nf5 Bf8 33. Nh4 Bd6 34. Ng6+ Ke6 35. Kd3 c5 36. Ke4 f5+ 37. gxf5+ Kf6 38.
f4 Kf7 39. Nh4 Kf6 40. Ng2 d3 41. Kxd3 Kxf5 42. Ke3 Kg4 43. Ke4 Bf8 44. Ke5
Bg7+ 45. Ke6 Bd4 46. f5 Kxh5 47. f6 Kg5 48. f7 Bg7 49. Ke7 h5 50. f8=Q
Bxf8+ 51. Kxf8 Kg4 52. Kf7 Kg3 53. Ne3 Kf4 54. Nf1 h4 55. Kg6 h3 56. Kh5
Kf3 57. Kh4 Kf2 58. Nh2 Kg2 59. Ng4 b6 60. Ne3+ Kf3 61. Nf5 h2 62. Ng3 Kg2
63. Kg4 Kf2 64. Kf4 Kg2 65. a3 a5 66. a4 Kf2 67. Nh1+ Ke2 68. Ke4 Kd2 69.
Kd5 Ke3 1/2-1/2

[Event "3rd Sharjah Masters 2019"]
[Site "Sharjah UAE"]
[Date "2019.03.30"]
[Round "9.32"]
[White "Franco Valencia, Angela"]
[Black "Darini, Pouria"]
[Result "0-1"]
[WhiteElo "2141"]
[BlackElo "2474"]
[EventDate "2018.03.22"]

1. e4 c5 2. Nf3 d6 3. d4 cxd4 4. Nxd4 Nf6 5. Nc3 a6 6. g3 g6 7. Bg2 Bg7 8.
O-O O-O 9. h3 Nc6 10. Nde2 Rb8 11. a4 b6 12. Bg5 Bb7 13. Qd2 Re8 14. Rad1
b5 15. axb5 axb5 16. Nd5 Nd7 17. c3 b4 18. cxb4 Ba6 19. Rfe1 Nb6 20. b5
Bxb5 21. Nec3 Bc4 22. Ra1 Ne5 23. Ra7 Bxd5 24. Nxd5 Nxd5 25. exd5 Rb3 26.
Qa5 Qxa5 27. Rxa5 Rxb2 28. Ra4 h6 29. Be3 Reb8 30. Ra7 Bf6 31. Rc1 Rb1 32.
Rxb1 Rxb1+ 33. Kh2 Kg7 34. Ra2 h5 35. Be4 Rb4 36. Bg2 Rb1 37. Be4 Re1 38.
Rc2 Bg5 39. Bxg5 Rxe4 40. Kg2 Nd3 41. Rc7 f6 42. Bd2 Kf7 43. Rb7 Re5 44.
Ba5 Rxd5 45. Bd8 Re5 46. f4 Re3 47. Ra7 f5 48. Bb6 Re4 49. Ra3 Nb4 50. Ra8
h4 51. gxh4 Nd5 52. Bf2 Nxf4+ 53. Kg3 Rc4 54. Rh8 e5 55. Be1 Rd4 56. Rh7+
Ke6 57. Ba5 Rd3+ 58. Kf2 Nxh3+ 59. Ke2 Nf4+ 60. Kf2 e4 61. Rh8 Rf3+ 62. Ke1
e3 0-1

[Event "3rd Sharjah Masters 2019"]
[Site "Sharjah UAE"]
[Date "2019.03.30"]
[Round "9.33"]
[White "Mendonca, Leon Luke"]
[Black "Sharma, Dinesh K."]
[Result "1/2-1/2"]
[WhiteElo "2446"]
[BlackElo "2286"]
[EventDate "2018.03.22"]

1. d4 d5 2. c4 c6 3. Nf3 Nf6 4. g3 Bf5 5. Nc3 e6 6. Nh4 dxc4 7. Nxf5 exf5
8. e3 Nbd7 9. Bxc4 Nb6 10. Bb3 g6 11. Qe2 Bb4 12. Bd2 Qe7 13. a3 Bxc3 14.
Bxc3 Nbd5 15. Bd2 O-O-O 16. O-O-O Kb8 17. Rhe1 Ne4 18. f3 Nxd2 19. Qxd2 Nc7
20. Kb1 Rhe8 21. Qg2 Qf6 22. g4 h6 23. Qg3 Rxe3 24. Rxe3 f4 25. Qg1 fxe3
26. Qxe3 g5 27. Rd3 1/2-1/2

[Event "3rd Sharjah Masters 2019"]
[Site "Sharjah UAE"]
[Date "2019.03.30"]
[Round "9.34"]
[White "Akshat, Khamparia"]
[Black "Mullick, Raahil"]
[Result "1/2-1/2"]
[WhiteElo "2415"]
[BlackElo "2275"]
[EventDate "2018.03.22"]

1. d4 d5 2. c4 c6 3. Nf3 Nf6 4. Nbd2 Bf5 5. Nh4 Bg4 6. h3 Bh5 7. Qb3 Qb6 8.
e3 e6 9. cxd5 exd5 10. Bd3 Nbd7 11. Qxb6 axb6 12. f4 Bd6 13. Kf2 Be7 14.
Nf5 Bf8 15. Nh4 Be7 16. g3 h6 17. f5 Ng8 18. Ng2 f6 19. Re1 Bf7 20. e4 dxe4
21. Nxe4 Kd8 22. Bf4 b5 23. Nd6 Bxd6 24. Bxd6 Nb6 25. Bf8 Kd7 1/2-1/2

[Event "3rd Sharjah Masters 2019"]
[Site "Sharjah UAE"]
[Date "2019.03.30"]
[Round "9.35"]
[White "Dr., Murtaza Ali"]
[Black "Sundararajan, Kidambi"]
[Result "0-1"]
[WhiteElo "2084"]
[BlackElo "2413"]
[EventDate "2018.03.22"]

1. e4 c6 2. Nc3 d5 3. Nf3 Bg4 4. exd5 cxd5 5. h3 Bxf3 6. Qxf3 e6 7. Bb5+
Nc6 8. O-O Nf6 9. Re1 Be7 10. b3 Rc8 11. Bb2 O-O 12. Bxc6 Rxc6 13. Rac1 Qa5
14. a4 a6 15. Re5 Qc7 16. Rce1 d4 17. Nb1 Rd8 18. c4 dxc3 19. dxc3 Nd7 20.
R5e2 Nc5 21. c4 Nd3 22. Rf1 Nxb2 23. Rxb2 Rcd6 24. Re2 Bg5 25. Qg3 Qe7 26.
f4 Bh4 27. Qe3 Rd3 28. Qe4 Qc5+ 29. Kh1 Rd1 0-1

[Event "3rd Sharjah Masters 2019"]
[Site "Sharjah UAE"]
[Date "2019.03.30"]
[Round "9.36"]
[White "Akash, G"]
[Black "Mrudul, Dehankar"]
[Result "0-1"]
[WhiteElo "2411"]
[BlackElo "2078"]
[EventDate "2018.03.22"]

1. e4 c6 2. Nc3 d5 3. Nf3 Bg4 4. h3 Bxf3 5. Qxf3 e6 6. Be2 Nd7 7. O-O Ngf6
8. d4 dxe4 9. Nxe4 Nxe4 10. Qxe4 Nf6 11. Qd3 Bd6 12. Bg5 h6 13. Bd2 O-O 14.
c4 Qe7 15. Bf3 Rad8 16. Bc3 Bb8 17. Qe2 Rfe8 18. Rfe1 Rd7 19. Rad1 Red8 20.
g3 Bc7 21. Rd3 Bb6 22. Red1 Re8 23. Bg2 Qd8 24. Qd2 Qe7 25. Kh2 h5 26. Kg1
Red8 27. Qe2 Re8 28. Bf3 h4 29. gxh4 Nh7 30. h5 Bc7 31. Bg2 Red8 32. Kf1
Qg5 33. Qg4 Qh6 34. Bd2 Qf6 35. Be3 c5 36. Be4 Qe7 37. Bxh7+ Kxh7 38. d5
exd5 39. cxd5 Be5 40. Qe4+ Kg8 41. Bxc5 Qxc5 42. Qxe5 Re7 43. Qd4 Qc2 44.
Rg3 Qe2+ 45. Kg2 Re5 46. h6 Rdxd5 47. Rxg7+ Kh8 48. Qf4 Rxd1 49. Qf6 Qf1+
50. Kg3 Rd3+ 51. f3 Rxf3+ 52. Qxf3 Qe1+ 53. Qf2 Re3+ 54. Kg2 Re2 55. Rxf7
Rxf2+ 56. Rxf2 Qe4+ 57. Rf3 Kh7 58. b3 Kxh6 59. a4 Kg5 60. Kg3 Qe5+ 61. Kf2
Qd4+ 62. Kg2 Kh4 63. Kf1 Qd2 64. Kg1 Qe2 65. Rf2 Qe3 0-1

[Event "3rd Sharjah Masters 2019"]
[Site "Sharjah UAE"]
[Date "2019.03.30"]
[Round "9.40"]
[White "Abdurakhmonov, Mukhammadali"]
[Black "Tokhirjonova, Gulrukhbegim"]
[Result "1-0"]
[WhiteElo "2205"]
[BlackElo "2434"]
[EventDate "2018.03.22"]

1. c4 e5 2. Nc3 Nc6 3. g3 Bc5 4. Bg2 Nf6 5. d3 a6 6. Nf3 d6 7. Rb1 O-O 8.
O-O h6 9. a3 Be6 10. b4 Ba7 11. a4 Qc8 12. b5 axb5 13. axb5 Ne7 14. e4 Nd7
15. Nd5 Nxd5 16. cxd5 Bg4 17. h3 Bxf3 18. Bxf3 Bd4 19. Bg4 Qd8 20. Bb2 Bxb2
21. Rxb2 Nc5 22. b6 cxb6 23. Qb1 Ra3 24. Rxb6 Qc7 25. Be2 Rfa8 26. Rb2 R8a4
27. f4 exf4 28. gxf4 Qe7 29. Kg2 Qf6 30. Rf3 Qd4 31. Qc2 Ra1 32. Bf1 f5 33.
Qf2 fxe4 34. dxe4 Qxe4 35. Re2 Qxd5 1-0

[Event "3rd Sharjah Masters 2019"]
[Site "Sharjah UAE"]
[Date "2019.03.30"]
[Round "9.41"]
[White "Bouzidi, Ahmed"]
[Black "Buksa, Nataliya"]
[Result "0-1"]
[WhiteElo "2199"]
[BlackElo "2416"]
[EventDate "2018.03.22"]

1. e4 e5 2. Nf3 Nc6 3. Bb5 g6 4. c3 a6 5. Bxc6 dxc6 6. d4 exd4 7. Qxd4 Qxd4
8. Nxd4 c5 9. Ne2 Bd7 10. Bg5 h6 11. Bh4 g5 12. Bg3 O-O-O 13. Nd2 Bg7 14.
f3 Ne7 15. Bf2 b6 16. Ng3 h5 17. h4 g4 18. Rd1 Be6 19. f4 f5 20. e5 Bxa2
21. b3 a5 22. Ra1 Rxd2 23. Kxd2 Bxb3 24. Rhb1 Bc4 25. Be3 Kd7 26. Ra4 Bd5
27. Rg1 Bb3 28. Raa1 Ke6 29. Ke2 Ng6 30. Rh1 Bd5 31. Kf2 Bf8 32. Ne2 Be7
33. Kg3 Ra8 34. Rh2 a4 35. Kf2 Kd7 36. g3 Nf8 37. Nc1 Ne6 38. Nd3 Kc6 39.
Bc1 b5 40. Nb2 Bb3 41. Ke1 c4 42. Be3 Nc5 43. Bd4 Ne4 44. Rg2 b4 45. cxb4
Bxb4+ 46. Ke2 Kd5 47. Bg1 a3 48. Nd1 Nc3+ 49. Nxc3+ Bxc3 0-1

[Event "3rd Sharjah Masters 2019"]
[Site "Sharjah UAE"]
[Date "2019.03.30"]
[Round "9.44"]
[White "Saurabh, Anand"]
[Black "Singgih, Diajeng Theresa"]
[Result "1/2-1/2"]
[WhiteElo "2385"]
[BlackElo "2164"]
[EventDate "2018.03.22"]

1. e4 e5 2. Nf3 Nc6 3. d4 exd4 4. Nxd4 Bc5 5. Nb3 Bb4+ 6. Nc3 Nf6 7. Bd3 d5
8. exd5 Nxd5 9. O-O Nxc3 10. Qe1+ Be6 11. bxc3 Be7 12. Bf4 O-O 13. Rd1 Qc8
14. Qe4 g6 15. Nd4 Nxd4 16. cxd4 c6 17. c4 Qd7 18. Rfe1 Bb4 19. Bd2 Bxd2
20. Rxd2 Rfe8 21. Qf4 a6 22. Bf1 Bf5 23. Red1 b5 24. f3 Qa7 25. Kh1 bxc4
26. Bxc4 Be6 27. d5 cxd5 28. Bxd5 Bxd5 29. Rxd5 Qf2 30. h4 Re2 31. Qg5 Rae8
32. h5 h6 33. Qg4 g5 34. Kh2 Re1 35. Rxe1 Rxe1 36. Qc8+ Kh7 37. Qg4 Kg8 38.
Rd1 1/2-1/2